00425 a2200133 4500001001000000005001700010008004100027245007900068100003000147700001900177700002200196773005600218999001700274ART_4867320260410161827.0260409a 10aAspectos relevantes de la diversificación productiva a nivel de la firma1 aBarberis Bosch, Francisco1 aMauro, Lucía1 aGraña, Fernando0 tFACESg- Año 23, Nº 48 (ene./jun. 2017)wREV5046 c22889d22889